[Event "XXVI Festival Conca della Presolana A"]
[Site "Bratto - Castione della Presolana ITA"]
[Date "2006.08.24"]
[Round "6"]
[White "Nardi, Marco"]
[Black "Magrini, Fabrizio"]
[Result "0-1"]
[WhiteElo "2045"]
[BlackElo "2119"]
[PlyCount "60"]
[EventDate "2006.08.19"]

1. d4 Nf6 2. Nc3 c5 3. Nf3 cxd4 4. Nxd4 Nc6 5. Bg5 a6 6. Bxf6 gxf6 7. e4 e6 8.
Bc4 Qb6 9. Nde2 Ne5 10. Bb3 Bc5 11. f3 Rg8 12. Kf1 Qc7 13. Qd2 b5 14. Nf4 Bb7
15. Nd3 Ba7 16. Nxe5 Qxe5 17. Rd1 O-O-O 18. a4 Qc5 19. axb5 axb5 20. g3 h5 21.
Kg2 h4 22. Rhf1 hxg3 23. hxg3 Rxg3+ 24. Kxg3 Qh5 25. Qf4 Rg8+ 26. Qg4 Bb8+ 27.
Kf2 Qh2+ 28. Ke3 Rxg4 29. fxg4 Ba7+ 30. Rd4 Qh3+ 0-1

[Event "XXVI Festival Conca della Presolana A"]
[Site "Bratto - Castione della Presolana ITA"]
[Date "2006.08.24"]
[Round "6"]
[White "Novelli, Cristiano"]
[Black "Ferretti, Folco"]
[Result "0-1"]
[WhiteElo "2145"]
[BlackElo "2254"]
[PlyCount "106"]
[EventDate "2006.08.19"]

1. e4 c6 2. d4 d5 3. exd5 cxd5 4. c4 Nf6 5. Nc3 g6 6. cxd5 Nxd5 7. Bc4 Nb6 8.
Bb3 Bg7 9. Nge2 O-O 10. Be3 Nc6 11. O-O Na5 12. Bc2 Nbc4 13. Bc1 Nc6 14. d5
N6e5 15. Kh1 Nd6 16. Nd4 Bd7 17. f4 Ng4 18. f5 Nf6 19. a4 Rc8 20. Bg5 Rc5 21.
Nb3 Rc4 22. Bd3 Rxc3 23. bxc3 Nxd5 24. fxg6 hxg6 25. Qf3 Nxc3 26. Rae1 Re8 27.
Nc5 Bc6 28. Qh3 Qc8 29. Re6 Bxg2+ 30. Kxg2 Qxc5 31. Rxg6 Qd5+ 32. Rf3 fxg6 33.
Bxg6 Qxg5+ 34. Rg3 Qd2+ 35. Kh1 Qd5+ 36. Rf3 Qxf3+ 37. Qxf3 Rf8 38. Qh5 Rf6 39.
Bh7+ Kf8 40. Qa5 Rh6 41. Bc2 b6 42. Qxa7 Be5 43. Qa8+ Kf7 44. Qf3+ Ke8 45. h3
Rh4 46. Bb3 Nce4 47. Be6 Ng3+ 48. Kg2 Re4 49. h4 Bf4 50. Bd5 Ndf5 51. Kh3 Re3
52. Bc6+ Kf8 53. Qd1 Ne4+ 0-1

[Event "XXVI Festival Conca della Presolana A"]
[Site "Bratto - Castione della Presolana ITA"]
[Date "2006.08.24"]
[Round "6"]
[White "Pace, Pietro Dario"]
[Black "Pegoraro, Nicola"]
[Result "1-0"]
[WhiteElo "2228"]
[BlackElo "2047"]
[PlyCount "41"]
[EventDate "2006.08.19"]

1. e4 c5 2. Nf3 d6 3. b3 Nc6 4. Bb2 e6 5. Be2 Nf6 6. Nc3 Be7 7. O-O O-O 8. d4
cxd4 9. Nxd4 Bd7 10. Kh1 a6 11. f4 Qc7 12. Nxc6 Bxc6 13. Bd3 e5 14. fxe5 dxe5
15. Nd5 Bxd5 16. exd5 e4 17. Be2 Bd6 18. Rf5 Rfe8 19. c4 Be5 20. Bxe5 Rxe5 21.
d6 1-0

[Event "XXVI Festival Conca della Presolana A"]
[Site "Bratto - Castione della Presolana ITA"]
[Date "2006.08.24"]
[Round "6"]
[White "Pantaleoni, Claudio"]
[Black "Drazic, Sinisa"]
[Result "1/2-1/2"]
[WhiteElo "2222"]
[BlackElo "2514"]
[PlyCount "119"]
[EventDate "2006.08.19"]

1. d4 e6 2. c4 d5 3. Nf3 a6 4. e3 Nf6 5. Nc3 dxc4 6. Bxc4 b5 7. Bb3 Bb7 8. O-O
c5 9. Qe2 Nbd7 10. e4 cxd4 11. Nxd4 Bc5 12. Rd1 Qb6 13. Be3 O-O 14. f3 Rfd8 15.
Qf2 Ne5 16. h3 Rd7 17. Nc2 Bxe3 18. Qxe3 Qxe3+ 19. Nxe3 Nd3 20. Ned5 exd5 21.
Rxd3 dxe4 22. Rxd7 Nxd7 23. Nxe4 Bxe4 24. fxe4 Rc8 25. Rd1 Nc5 26. Rc1 Rc7 27.
Bd5 a5 28. Kf1 Kf8 29. Ke2 Ke7 30. a3 f6 31. b4 axb4 32. axb4 Ne6 33. Rxc7+
Nxc7 34. Bb7 Kd6 35. Kd3 Ke5 36. g3 Ne6 37. Ba8 g5 38. Bb7 Nc7 39. Bc6 Kd6 40.
Bb7 Ne6 41. Ba6 Nc7 42. Bc8 Ke5 43. Bd7 Na6 44. Bxb5 Nxb4+ 45. Kc3 Na2+ 46. Kd3
h6 47. Ke3 Nb4 48. Ba4 Na6 49. Be8 Nc5 50. Bg6 Kd6 51. h4 Nd7 52. hxg5 hxg5 53.
Bf5 Ne5 54. Bc8 Kc5 55. Ba6 Nc6 56. Bc8 Kc4 57. e5 Nxe5 58. Ke4 g4 59. Bxg4
Nxg4 60. Kf5 1/2-1/2

[Event "XXVI Festival Conca della Presolana A"]
[Site "Bratto - Castione della Presolana ITA"]
[Date "2006.08.24"]
[Round "6"]
[White "Pesce, Gabriele"]
[Black "Djabri, Zafer M."]
[Result "1-0"]
[WhiteElo "2006"]
[BlackElo "2059"]
[PlyCount "75"]
[EventDate "2006.08.19"]

1. e4 c5 2. Nc3 Nc6 3. f4 g6 4. Nf3 Bg7 5. Bb5 Nd4 6. a4 e6 7. d3 Ne7 8. O-O
O-O 9. Bc4 d5 10. Ba2 a6 11. Nxd4 Bxd4+ 12. Kh1 Bg7 13. f5 exf5 14. exd5 Bxc3
15. bxc3 Nxd5 16. Bxd5 Qxd5 17. c4 Qc6 18. Bb2 b6 19. Qd2 Bb7 20. Rf2 Rae8 21.
h4 Re7 22. Kg1 f6 23. Re1 Rfe8 24. Rxe7 Rxe7 25. h5 Kf7 26. Bc3 g5 27. Rxf5
Re1+ 28. Kf2 Re6 29. Qxg5 Qd6 30. h6 Qe7 31. Qg7+ Ke8 32. Qxe7+ Kxe7 33. a5
bxa5 34. Rxc5 Kd6 35. Rxa5 f5 36. Bg7 Rg6 37. g3 f4 38. Be5+ 1-0

[Event "XXVI Festival Conca della Presolana A"]
[Site "Bratto - Castione della Presolana ITA"]
[Date "2006.08.24"]
[Round "6"]
[White "Piantoni, Roberto"]
[Black "Miatello, Alberto"]
[Result "1-0"]
[WhiteElo "2160"]
[BlackElo "2082"]
[PlyCount "71"]
[EventDate "2006.08.19"]

1. Nf3 Nf6 2. d4 g6 3. Bf4 Bg7 4. e3 O-O 5. h3 d6 6. Be2 Nbd7 7. Bh2 Re8 8. O-O
b6 9. c4 Bb7 10. Nc3 e5 11. Rc1 exd4 12. Nxd4 Nc5 13. Bf3 Nfe4 14. Nd5 f5 15.
b4 Ne6 16. Nxe6 Rxe6 17. c5 bxc5 18. bxc5 Be5 19. Bxe4 Bxh2+ 20. Kxh2 Rxe4 21.
Qb3 Bxd5 22. Qxd5+ Kh8 23. Rfd1 Re5 24. Qd4 Qf6 25. cxd6 cxd6 26. Rc7 Re6 27.
Rxa7 Rxa7 28. Qxa7 f4 29. exf4 Qxf4+ 30. g3 Qf5 31. Rd2 Qc5 32. Qf7 Qf5 33. Qc7
Qe5 34. a4 Qe1 35. Rb2 Re2 36. Qf7 1-0

[Event "XXVI Festival Conca della Presolana A"]
[Site "Bratto - Castione della Presolana ITA"]
[Date "2006.08.24"]
[Round "6"]
[White "Piscopo, Pierluigi"]
[Black "Tramalloni, Luca"]
[Result "1-0"]
[WhiteElo "2393"]
[BlackElo "2114"]
[PlyCount "79"]
[EventDate "2006.08.19"]

1. e4 e6 2. d4 d5 3. Nc3 Bb4 4. e5 c5 5. a3 Bxc3+ 6. bxc3 Ne7 7. h4 Nbc6 8. h5
Qa5 9. Bd2 Qa4 10. Nf3 h6 11. Bd3 c4 12. Be2 Bd7 13. O-O O-O-O 14. Re1 Rdg8 15.
Bf1 Kb8 16. g3 g6 17. hxg6 fxg6 18. Nh2 Rf8 19. Ng4 Ng8 20. Bh3 g5 21. Ne3 Nge7
22. Bg4 Nd8 23. Kg2 Be8 24. Rh1 Bg6 25. Bh5 Be4+ 26. f3 Bh7 27. Ra2 Ng8 28. Qb1
Nc6 29. Qb2 Nce7 30. Qb4 Qxb4 31. axb4 b6 32. Rha1 Nc8 33. Rh1 Nge7 34. b5 Ka8
35. Bc1 Bf5 36. Ba3 Rh7 37. Ng4 Rd8 38. Nf6 Rg7 39. Be8 Bg6 40. Bd7 1-0

[Event "XXVI Festival Conca della Presolana A"]
[Site "Bratto - Castione della Presolana ITA"]
[Date "2006.08.24"]
[Round "6"]
[White "Piva, Giorgio"]
[Black "Paolinelli, Giacomo"]
[Result "1-0"]
[WhiteElo "2129"]
[BlackElo "2023"]
[PlyCount "79"]
[EventDate "2006.08.19"]

1. d4 d5 2. Bf4 c6 3. Nf3 Nf6 4. e3 Qb6 5. Qc1 Bf5 6. Nbd2 e6 7. c4 Nbd7 8. c5
Qd8 9. h3 h6 10. b4 a6 11. Be2 g5 12. Bh2 Bg7 13. O-O O-O 14. a4 Ne4 15. Nb3 h5
16. Nfd2 Nxd2 17. Qxd2 g4 18. hxg4 hxg4 19. Na5 Qh4 20. Nxb7 Nf6 21. Nd6 Rfd8
22. Bg3 Qh7 23. Nxf5 exf5 24. Bd3 Ne4 25. Bxe4 fxe4 26. b5 axb5 27. axb5 cxb5
28. Qe2 b4 29. Rab1 Rdc8 30. Qxg4 Rc6 31. Bd6 Re8 32. Qd7 Rcc8 33. Rxb4 Rcd8
34. Qh3 Bh6 35. Rfb1 Qg6 36. Rb6 Re6 37. Rb8 Ree8 38. Rxd8 Rxd8 39. Rb6 Qh7 40.
Be7 1-0

[Event "XXVI Festival Conca della Presolana A"]
[Site "Bratto - Castione della Presolana ITA"]
[Date "2006.08.24"]
[Round "6"]
[White "Radice, Luca"]
[Black "Forato, Enrico"]
[Result "0-1"]
[WhiteElo "2081"]
[BlackElo "1949"]
[PlyCount "96"]
[EventDate "2006.08.19"]

1. d4 Nf6 2. c4 g6 3. Nc3 Bg7 4. e4 d6 5. f4 O-O 6. Nf3 c5 7. d5 e6 8. Be2 exd5
9. cxd5 a6 10. a4 Re8 11. e5 dxe5 12. fxe5 Ng4 13. Bg5 Qb6 14. Qd2 Nxe5 15.
Nxe5 Bxe5 16. O-O Nd7 17. a5 Qb4 18. Ra4 Bxc3 19. bxc3 Qxa4 20. d6 Nf8 21. Bf6
Qe4 22. Rf2 Qe3 23. Qb2 Nd7 24. Bh4 Ne5 25. Be7 Nd3 26. Bxd3 Qxd3 27. Re2 Bg4
28. Re1 Rac8 29. Qc1 Rc6 30. Re3 Qd5 31. h3 Bf5 32. Rf3 c4 33. Qh6 Rxd6 34.
Bxd6 Qxd6 35. Rxf5 Re1+ 36. Kf2 Qe6 37. Rf3 Qe2+ 38. Kg3 Qe5+ 39. Kf2 Re2+ 40.
Kg1 Re1+ 41. Kf2 Qe2+ 42. Kg3 Rg1 43. Re3 Qxg2+ 44. Kf4 Rf1+ 45. Ke5 Qc6 46.
Kd4 Rd1+ 47. Ke5 Rd5+ 48. Kf4 g5+ 0-1

[Event "XXVI Festival Conca della Presolana A"]
[Site "Bratto - Castione della Presolana ITA"]
[Date "2006.08.24"]
[Round "6"]
[White "Ranfagni, Stefano"]
[Black "Bianco, Raffaele"]
[Result "0-1"]
[WhiteElo "2016"]
[BlackElo "2069"]
[PlyCount "112"]
[EventDate "2006.08.19"]

1. e4 e5 2. Nf3 Nc6 3. d4 exd4 4. Nxd4 Qf6 5. Nb5 Bc5 6. Qe2 Kd8 7. h4 Nge7 8.
N1c3 h6 9. Be3 Bxe3 10. Qxe3 a6 11. Na3 b5 12. Naxb5 axb5 13. Bxb5 Ba6 14. Ba4
Qd4 15. Qxd4 Nxd4 16. O-O-O Ndc6 17. b4 Bb7 18. b5 Na5 19. e5 Nc8 20. Rd4 Ke7
21. Rhd1 Nb6 22. f4 g6 23. g4 Bf3 24. Rg1 h5 25. g5 Bg4 26. Bb3 Nxb3+ 27. cxb3
Be6 28. Kb2 Rhb8 29. a4 c5 30. bxc6 dxc6 31. Ka3 c5 32. Rd2 c4 33. b4 Nxa4 34.
Nxa4 Bd7 35. Rxd7+ Kxd7 36. Rd1+ Ke6 37. Rd4 Rd8 38. Rxd8 Rxd8 39. Nc5+ Kd5 40.
Kb2 Kc6 41. Kc3 Kb5 42. e6 fxe6 43. Nxe6 Rd3+ 44. Kc2 Kxb4 45. f5 gxf5 46. g6
Rg3 47. Ng5 Rg2+ 48. Kd1 c3 49. g7 c2+ 50. Kc1 Kc3 51. Ne4+ Kd3 52. Nc5+ Kc4
53. Ne6 Kc3 54. g8=Q Rxg8 55. Ng5 Rxg5 56. hxg5 h4 0-1

[Event "XXVI Festival Conca della Presolana A"]
[Site "Bratto - Castione della Presolana ITA"]
[Date "2006.08.24"]
[Round "6"]
[White "Ranieri, Fabrizio"]
[Black "Johansson, Alexander"]
[Result "1-0"]
[WhiteElo "2227"]
[BlackElo "1921"]
[PlyCount "105"]
[EventDate "2006.08.19"]

1. e4 c5 2. Nf3 d6 3. d4 cxd4 4. Nxd4 Nf6 5. Nc3 a6 6. Bg5 e6 7. f4 Be7 8. Qf3
Qc7 9. O-O-O O-O 10. Bd3 Nbd7 11. Rhe1 b5 12. e5 dxe5 13. fxe5 Bb7 14. Qh3 Nxe5
15. Rxe5 Qxe5 16. Bxf6 Qf4+ 17. Kb1 g6 18. Bxe7 Rfe8 19. Nce2 Qf2 20. Bg5 e5
21. Nf3 e4 22. Bf6 exd3 23. Ned4 dxc2+ 24. Nxc2 Be4 25. Rc1 h5 26. Bd4 Qe2 27.
Qh4 Re6 28. Qf2 Bxf3 29. Qxf3 Qxf3 30. gxf3 a5 31. a3 Rc8 32. Bc3 Ra6 33. Rd1
Raa8 34. Rd5 Rcb8 35. Be5 Rb7 36. Nd4 b4 37. a4 b3 38. Rb5 Rd7 39. Nxb3 Rd1+
40. Ka2 Rf1 41. Rxa5 Re8 42. Rb5 Kh7 43. a5 Rxf3 44. Bb8 Rf6 45. Nc5 Rc6 46. b4
Re2+ 47. Kb3 Re3+ 48. Kc4 Ra3 49. Rb7 Kg8 50. Kb5 Rc8 51. a6 h4 52. Na4 g5 53.
a7 1-0

[Event "XXVI Festival Conca della Presolana A"]
[Site "Bratto - Castione della Presolana ITA"]
[Date "2006.08.24"]
[Round "6"]
[White "Rorato, Giovanni Riccardo"]
[Black "De Nardi, Riccardo"]
[Result "1/2-1/2"]
[WhiteElo "2057"]
[BlackElo "1973"]
[PlyCount "100"]
[EventDate "2006.08.19"]

1. d4 Nf6 2. c4 g6 3. Nc3 Bg7 4. e4 d6 5. f3 O-O 6. Be3 e5 7. Nge2 Nc6 8. d5
Ne7 9. Qd2 Nd7 10. Rb1 f5 11. b4 f4 12. Bf2 g5 13. Nc1 Nf6 14. c5 Bd7 15. b5 b6
16. c6 Bc8 17. a4 g4 18. Ra1 a5 19. bxa6 Bxa6 20. Bxa6 Rxa6 21. Nb5 Ng6 22. Nd3
Qc8 23. Ke2 Nh5 24. Qe1 Bf6 25. a5 bxa5 26. Rxa5 Rxa5 27. Qxa5 gxf3+ 28. gxf3
Rf7 29. Na7 Qh3 30. Qe1 Nh4 31. Bxh4 Bxh4 32. Qf1 Qxf1+ 33. Kxf1 Rg7 34. Rg1
Rxg1+ 35. Kxg1 Ng7 36. Nb2 Be1 37. Nc4 Bb4 38. Kf1 Kf8 39. Ke2 Ke7 40. Kd3 Bc5
41. Nb5 Kd8 42. Na5 Bb6 43. Nb7+ Ke7 44. Ke2 Ne8 45. Kf1 Nf6 46. Kg2 Ne8 47.
Kh3 Bg1 48. Nc3 Nf6 49. Ne2 Bf2 50. Kg2 Bb6 1/2-1/2

[Event "XXVI Festival Conca della Presolana A"]
[Site "Bratto - Castione della Presolana ITA"]
[Date "2006.08.24"]
[Round "6"]
[White "Rorato, Renzo"]
[Black "D'Apa, Matteo"]
[Result "0-1"]
[WhiteElo "2149"]
[BlackElo "2020"]
[PlyCount "38"]
[EventDate "2006.08.19"]

1. d4 d5 2. c4 c6 3. Nc3 Nf6 4. Nf3 e6 5. e3 Be7 6. Bd3 Nbd7 7. O-O O-O 8. a4
b6 9. Qe2 Bb7 10. Rd1 Qc7 11. Bd2 Rac8 12. Rac1 Qb8 13. e4 dxe4 14. Nxe4 Nxe4
15. Qxe4 Nf6 16. Qh4 c5 17. Ne5 Qd6 18. Ng4 Ne4 19. Bf4 Bxh4 0-1

[Event "XXVI Festival Conca della Presolana A"]
[Site "Bratto - Castione della Presolana ITA"]
[Date "2006.08.24"]
[Round "6"]
[White "Rosin, Federico"]
[Black "Capece, Adolivio"]
[Result "1-0"]
[WhiteElo "2135"]
[BlackElo "2041"]
[PlyCount "105"]
[EventDate "2006.08.19"]

1. e4 d6 2. d4 Nf6 3. Nc3 c6 4. Nf3 b5 5. a3 a6 6. Be2 g6 7. O-O Bg7 8. Bg5 O-O
9. Qd2 Nbd7 10. Rad1 Bb7 11. e5 Ne8 12. Ne4 d5 13. Ng3 c5 14. c3 Nc7 15. Bh6
Ne6 16. Bxg7 Kxg7 17. Nh4 Rg8 18. f4 cxd4 19. cxd4 Qb6 20. f5 Nef8 21. Qf4 Kh8
22. Nf3 f6 23. Kh1 g5 24. Qg4 Qd8 25. e6 Nb6 26. b3 Qe8 27. Rc1 Rc8 28. Rc5 h6
29. Rfc1 Rg7 30. Nh5 Rh7 31. Ne1 Rxc5 32. dxc5 Nc8 33. Nf3 Na7 34. Nd4 Nc6 35.
b4 Ne5 36. Qg3 Nc4 37. Qc7 Qc8 38. Qxc8 Bxc8 39. Bxc4 dxc4 40. c6 Kg8 41. g4
Rh8 42. a4 bxa4 43. Rxc4 Kh7 44. Rc5 a3 45. Ra5 Ng6 46. fxg6+ Kxg6 47. Ng3 f5
48. Ngxf5 Kf6 49. Rxa3 h5 50. Rh3 h4 51. Rf3 Rd8 52. Nd6+ Ke5 53. Nf7+ 1-0

[Event "XXVI Festival Conca della Presolana A"]
[Site "Bratto - Castione della Presolana ITA"]
[Date "2006.08.24"]
[Round "6"]
[White "Ruggeri, Pietro"]
[Black "Andreolini, Mauro"]
[Result "0-1"]
[WhiteElo "2123"]
[BlackElo "2195"]
[PlyCount "66"]
[EventDate "2006.08.19"]

1. d4 Nf6 2. Bg5 e6 3. e4 h6 4. Bxf6 Qxf6 5. Nc3 d6 6. Qd2 g6 7. O-O-O Bg7 8.
f4 O-O 9. Nge2 a6 10. Kb1 b6 11. h3 Bb7 12. g3 Nd7 13. Bg2 Qe7 14. Rhg1 Rfd8
15. Nc1 b5 16. e5 Bxg2 17. Qxg2 d5 18. g4 c5 19. f5 cxd4 20. f6 Qb4 21. Nd3 Qc4
22. Ne2 Bf8 23. g5 Rac8 24. Rc1 h5 25. Nef4 Nc5 26. Nxc5 Bxc5 27. Rgf1 Rc7 28.
Rf3 Rdc8 29. Nxh5 Bb4 30. Nf4 Bc3 31. b3 Qb4 32. Nd3 Qa3 33. h4 Rc4 0-1

[Event "XXVI Festival Conca della Presolana A"]
[Site "Bratto - Castione della Presolana ITA"]
[Date "2006.08.24"]
[Round "6"]
[White "Saccani, Ettore"]
[Black "Temi, Walter"]
[Result "0-1"]
[WhiteElo "1940"]
[BlackElo "2105"]
[PlyCount "54"]
[EventDate "2006.08.19"]

1. e4 c5 2. c3 e6 3. d4 d5 4. e5 Nc6 5. Nf3 Bd7 6. a3 Rc8 7. Be2 cxd4 8. cxd4
Nge7 9. Nc3 Nf5 10. O-O Be7 11. Bf4 O-O 12. Qd2 Na5 13. Rad1 Nb3 14. Qd3 Na5
15. Qb1 Nc4 16. Bd3 Qa5 17. g4 Nh6 18. Bxh7+ Kh8 19. Bxh6 gxh6 20. h4 Nxb2 21.
Ne2 Nxd1 22. Nf4 Nc3 23. Ng6+ Kg7 24. Qc2 Ba4 25. Qd3 Bb5 26. Qe3 fxg6 27. Bxg6
Ne2+ 0-1

[Event "XXVI Festival Conca della Presolana A"]
[Site "Bratto - Castione della Presolana ITA"]
[Date "2006.08.24"]
[Round "6"]
[White "Sala, Sergio"]
[Black "Orsi, Massimiliano"]
[Result "0-1"]
[WhiteElo "1902"]
[BlackElo "2025"]
[PlyCount "24"]
[EventDate "2006.08.19"]

1. e4 e5 2. Nf3 Nc6 3. Bc4 Bc5 4. c3 Qe7 5. O-O d6 6. d4 Bb6 7. dxe5 Nxe5 8.
Nxe5 Qxe5 9. Kh1 Nf6 10. f4 Qc5 11. e5 Ng4 12. exd6 Qg1+ 0-1

[Event "XXVI Festival Conca della Presolana A"]
[Site "Bratto - Castione della Presolana ITA"]
[Date "2006.08.24"]
[Round "6"]
[White "Salvador, Roland"]
[Black "Voltolini, Giuseppe"]
[Result "1-0"]
[WhiteElo "2420"]
[BlackElo "2216"]
[PlyCount "71"]
[EventDate "2006.08.19"]

1. d4 Nf6 2. Nf3 e6 3. c4 d5 4. Nc3 Be7 5. g3 O-O 6. Bg2 dxc4 7. O-O a6 8. a4
c5 9. dxc5 Qa5 10. Qd4 Nc6 11. Qxc4 Qxc5 12. Qxc5 Bxc5 13. Bg5 Bd7 14. Rfd1
Rfd8 15. Nd2 Be8 16. Nde4 Be7 17. Nxf6+ gxf6 18. Bh4 Rab8 19. g4 Rbc8 20. Ne4
Kg7 21. Ng3 Rxd1+ 22. Rxd1 Na5 23. Nh5+ Kh8 24. b4 Nc6 25. Bxf6+ Bxf6 26. Nxf6
Nxb4 27. Bxb7 Bxa4 28. Rd4 Rc1+ 29. Kg2 Bc6+ 30. Kg3 Bxb7 31. Rxb4 Rc7 32. g5
Re7 33. Rh4 Kg7 34. Rxh7+ Kg6 35. Kg4 e5 36. Rh8 1-0

[Event "XXVI Festival Conca della Presolana A"]
[Site "Bratto - Castione della Presolana ITA"]
[Date "2006.08.24"]
[Round "6"]
[White "Sardo, Gabriele"]
[Black "Mola, Pietro"]
[Result "0-1"]
[WhiteElo "2190"]
[BlackElo "2279"]
[PlyCount "120"]
[EventDate "2006.08.19"]

1. d4 Nf6 2. Nf3 e6 3. Nc3 Bb4 4. Bg5 h6 5. Bh4 b6 6. Nd2 Bb7 7. a3 Bxc3 8.
bxc3 d6 9. f3 Nc6 10. e3 Qe7 11. Bd3 g5 12. Bf2 Rg8 13. Qe2 a6 14. O-O Rg7 15.
c4 Nd7 16. c3 Kf8 17. e4 e5 18. Be3 Kg8 19. Kh1 Qf6 20. Nb3 Ne7 21. g3 Qg6 22.
Rf2 Nf6 23. Qc2 Kh8 24. Kg2 Rag8 25. Kf1 g4 26. d5 gxf3 27. Rxf3 Bc8 28. Ke1
Bg4 29. Rf1 Bh3 30. Rg1 Ng4 31. Bc1 Rf8 32. Bf1 Qh5 33. Bxh3 Qxh3 34. Qg2 Qxg2
35. Rxg2 Kh7 36. Raa2 f5 37. h3 Nf6 38. exf5 Nxf5 39. g4 Nh4 40. Rgf2 Rff7 41.
Rae2 Nd7 42. Rxf7 Rxf7 43. Rf2 Nf3+ 44. Kd1 Kg6 45. Nd2 Nxd2 46. Rxf7 Kxf7 47.
Bxd2 Kg6 48. Be3 h5 49. g5 h4 50. Ke2 Nf8 51. Kf3 Kf5 52. Bd2 Ng6 53. Bc1 e4+
54. Kf2 Ne5 55. Ke3 Nxc4+ 56. Kd4 Ne5 57. Ke3 b5 58. g6 Nxg6 59. c4 bxc4 60.
Kd4 Nf4 0-1

[Event "XXVI Festival Conca della Presolana A"]
[Site "Bratto - Castione della Presolana ITA"]
[Date "2006.08.24"]
[Round "6"]
[White "Sautto, Daniele"]
[Black "Gangemi, Salvatore"]
[Result "1-0"]
[WhiteElo "2152"]
[BlackElo "2077"]
[PlyCount "69"]
[EventDate "2006.08.19"]

1. e4 e6 2. d4 d5 3. Nd2 dxe4 4. Nxe4 Nd7 5. Nf3 Ngf6 6. Nxf6+ Nxf6 7. Bg5 Be7
8. Bd3 c5 9. dxc5 Qa5+ 10. Bd2 Qxc5 11. Qe2 a6 12. O-O-O Bd7 13. Kb1 Bb5 14. c4
Bc6 15. Ne5 O-O 16. Rhg1 Rfd8 17. Nxc6 Qxc6 18. Bc3 Nd7 19. Be4 Qc7 20. Rd3 Nf6
21. Rh3 Nxe4 22. Qxe4 g6 23. Qe3 Bf8 24. Qg5 Qc5 25. Qh4 Qf5+ 26. Ka1 h6 27. a3
Rd7 28. Re1 b5 29. g4 Qf4 30. Be5 Qd2 31. Ree3 Bg7 32. Bxg7 Kxg7 33. Qxh6+ Kf6
34. Rhf3+ Ke7 35. Qh4+ 1-0

[Event "XXVI Festival Conca della Presolana A"]
[Site "Bratto - Castione della Presolana ITA"]
[Date "2006.08.24"]
[Round "6"]
[White "Sax, Gyula"]
[Black "Dervishi, Erald"]
[Result "1/2-1/2"]
[WhiteElo "2545"]
[BlackElo "2531"]
[PlyCount "29"]
[EventDate "2006.08.19"]

1. e4 e5 2. Nf3 Qe7 3. Bc4 h6 4. O-O Nf6 5. Nc3 c6 6. d4 d6 7. Re1 Qc7 8. a4
Be7 9. Nh4 g6 10. h3 Nbd7 11. Nf3 Kf8 12. Be3 Kg7 13. Qd2 b6 14. Nh2 a6 15. f4
1/2-1/2

[Event "XXVI Festival Conca della Presolana A"]
[Site "Bratto - Castione della Presolana ITA"]
[Date "2006.08.24"]
[Round "6"]
[White "Vinzoni, Andrea"]
[Black "Djabri, Katherine"]
[Result "1/2-1/2"]
[WhiteElo "2116"]
[BlackElo "2009"]
[PlyCount "46"]
[EventDate "2006.08.19"]

1. d4 Nf6 2. c4 g6 3. Nc3 Bg7 4. e4 d6 5. Nf3 O-O 6. Be2 e5 7. O-O Nc6 8. d5
Ne7 9. Ne1 Nd7 10. f3 f5 11. g4 Kh8 12. Nd3 a5 13. Be3 b6 14. b3 Nc5 15. h3 Ng8
16. Nxc5 bxc5 17. Qd2 Qh4 18. Kg2 Bh6 19. Bxh6 Nxh6 20. Qe1 Qe7 21. a3 Bd7 22.
Qd2 Qh4 23. Qe1 Qe7 1/2-1/2

[Event "XXVI Festival Conca della Presolana A"]
[Site "Bratto - Castione della Presolana ITA"]
[Date "2006.08.24"]
[Round "6"]
[White "Vivo, Mario"]
[Black "Podini, Francesco"]
[Result "0-1"]
[WhiteElo "2165"]
[BlackElo "2069"]
[PlyCount "82"]
[EventDate "2006.08.19"]

1. g3 e6 2. Bg2 d5 3. Nf3 c6 4. O-O Bd6 5. d3 Nf6 6. Nbd2 O-O 7. Re1 e5 8. e4
Re8 9. h3 Nbd7 10. c3 a5 11. Nf1 dxe4 12. dxe4 Nc5 13. Qc2 Be6 14. Nh4 g6 15.
b3 Be7 16. Rd1 Qc7 17. Bg5 Red8 18. Ne3 Rxd1+ 19. Rxd1 Rd8 20. f3 Kg7 21. Qc1
Rxd1+ 22. Nxd1 Qd7 23. Kh2 Qd3 24. Ne3 Ng8 25. Bxe7 Nxe7 26. Bf1 Qd7 27. g4 b5
28. Nef5+ Bxf5 29. gxf5 Ng8 30. Qe3 Qd6 31. Be2 Nf6 32. fxg6 hxg6 33. Qg5 Kh7
34. Ng2 Nh5 35. f4 Nxe4 36. fxe5 Qe6 37. Qe3 Qxe5+ 38. Kg1 Nhg3 39. Bf3 Qxc3
40. Qf4 Qc5+ 41. Kh2 Nf1+ 0-1

[Event "XXVI Festival Conca della Presolana A"]
[Site "Bratto - Castione della Presolana ITA"]
[Date "2006.08.24"]
[Round "6"]
[White "You Zi Chih, Stefano"]
[Black "Campomori, Bruno"]
[Result "0-1"]
[WhiteElo "2038"]
[BlackElo "2025"]
[PlyCount "96"]
[EventDate "2006.08.19"]

1. e4 c5 2. Nf3 Nc6 3. d4 cxd4 4. Nxd4 e5 5. Nb5 d6 6. N1c3 a6 7. Na3 b5 8. Nd5
f5 9. exf5 Bxf5 10. c3 Rc8 11. Bd3 Be6 12. Be4 g6 13. O-O Bg7 14. Nc2 Nf6 15.
Bg5 O-O 16. a4 Ne7 17. Nxf6+ Bxf6 18. Bxf6 Rxf6 19. Bb7 Rb8 20. Bxa6 Bc4 21.
Bxb5 Bxb5 22. axb5 Rxb5 23. b4 Qc7 24. Qd3 Rd5 25. Qa6 Rd2 26. b5 Rxc2 27. b6
Qc5 28. b7 Rf8 29. Kh1 Nc6 30. f4 Qd5 31. Rg1 Nb8 32. Qb6 Rxc3 33. Rad1 Rd3 34.
Rxd3 Qxd3 35. Qc7 Qd4 36. Re1 Qxf4 37. h3 Qf6 38. Rd1 Qd8 39. Qc4+ Kg7 40. Qb4
Nc6 41. Qb2 Nd4 42. Rc1 Qb8 43. Qb6 Rf7 44. Rb1 Rc7 45. Qxd6 Rc1+ 46. Rxc1 Qxd6
47. Rc8 Ne2 48. Kh2 e4+ 0-1

[Event "XXVI Festival Conca della Presolana A"]
[Site "Bratto - Castione della Presolana ITA"]
[Date "2006.08.24"]
[Round "6"]
[White "Zoldan, Matteo"]
[Black "Salmoiraghi, Angelo"]
[Result "1-0"]
[WhiteElo "2127"]
[BlackElo "2015"]
[PlyCount "89"]
[EventDate "2006.08.19"]

1. e4 e6 2. d4 d5 3. Nc3 Nf6 4. Bg5 Be7 5. e5 Nfd7 6. Bxe7 Qxe7 7. f4 O-O 8.
Nf3 a6 9. Qd2 c5 10. dxc5 Nxc5 11. O-O-O Nc6 12. Qe3 b6 13. Kb1 Bb7 14. Bd3
Nxd3 15. cxd3 Qb4 16. Ne2 a5 17. Ned4 Nxd4 18. Nxd4 Rfe8 19. Rc1 Rac8 20. g4
Ba6 21. h4 Qa4 22. h5 Qd7 23. h6 g6 24. g5 Rc5 25. Nb3 Rxc1+ 26. Rxc1 Rc8 27.
Rxc8+ Qxc8 28. Qxb6 Bxd3+ 29. Ka1 a4 30. Nc5 Bc2 31. Qb4 Qa8 32. Qc3 Bf5 33.
Qd4 Qa5 34. b4 axb3 35. Nxb3 Qa6 36. Qc5 Qb7 37. Qd6 Qa8 38. Qe7 d4 39. Nxd4
Qh1+ 40. Kb2 Qb1+ 41. Ka3 Qc1+ 42. Ka4 Qc4+ 43. Ka5 Qxa2+ 44. Kb6 Qb2+ 45. Kc7
1-0

[Event "XXVI Festival Conca della Presolana A"]
[Site "Bratto - Castione della Presolana ITA"]
[Date "2006.08.25"]
[Round "7"]
[White "Alberton, Roberto"]
[Black "Lovati, Paolo"]
[Result "1-0"]
[WhiteElo "2128"]
[BlackElo "2069"]
[PlyCount "48"]
[EventDate "2006.08.19"]

1. e4 e6 2. d4 d5 3. Nd2 Nc6 4. Ngf3 dxe4 5. Nxe4 Nf6 6. Bg5 Be7 7. Bxf6 gxf6
8. Qd2 f5 9. Nc3 Bf6 10. O-O-O Ne7 11. Bc4 c6 12. Rhe1 Kf8 13. Qh6+ Bg7 14. Qh5
Ng6 15. g3 a5 16. Ne5 Qc7 17. a4 Nxe5 18. dxe5 Bd7 19. f4 Rd8 20. Qh4 Ke8 21.
g4 Bc8 22. gxf5 Rxd1+ 23. Rxd1 exf5 24. Qh5 Kf8 1-0